| 000 | 01007nam a22002657a 4500 | ||
|---|---|---|---|
| 005 | 20170704160005.0 | ||
| 010 | _a1516EN07 ENG-114617 | ||
| 020 |
_a9781910390016 _c995.00 |
||
| 035 | _aEN-98149 | ||
| 035 | _aB-601267-285 | ||
| 035 | _aB-664595 | ||
| 037 |
_aDPL _bBSB/VEN |
||
| 037 | _bDBAD/PUB | ||
| 082 | _a581.1 | ||
| 100 | _aVerma, V. | ||
| 245 |
_aPlant physiology / _cby V. Verma |
||
| 250 | _a2nd ed | ||
| 260 |
_aLondon _bAthena Academic _c2016 |
||
| 270 |
_a146-157 St. John Street _bLondon _e110067 |
||
| 300 |
_axvii,475p. _c28cm(pbk) _bill. |
||
| 500 | _aIncludes bibliographical references and index | ||
| 942 |
_2ddc _cEN _mVER _h581.1 |
||
| 999 |
_c96132 _d96132 |
||